000 01004nam a2200241 a 4500
001 3566973
003 OSt
005 20210510105916.0
008 980408s1997 ck abc 001 0 spa d
020 _a9589563430
040 _aMiU
_cCO-JMCR
_dDLC
041 0 _aspa
082 0 4 _a330.9172 /
_bC653i
_223
100 1 _aLemoine, Carlos.,
_eautor
_926113
245 1 0 _aIberoamérica habla /
_cCarlos Lemoine.
260 _a[Bogotá, Colombia] :
_bCIMA,
_c1997.
300 _a745 páginas :
_bIlustraciones, mapas y gráficos en blanco y negro ;
_c30 cm.
500 _aIncluye índices.
505 0 _aLa familia. -- La felicidad. -- La religión. -- El trabajo. -- La evolución económica. -- los principales problemas. -- Las instituciones. -- Los derechos humanos. -- Opinión y relaciones internacionales. -- La integración. -- La visión sobre otros países.
650 1 4 _aOpinión pública.
_zAmérica Latina.
_937495
650 2 4 _aCondiciones sociales
_zAmérica latina
_910314
942 _2ddc
_cBK
999 _c11660
_d11660